| Поле | Инд. | ПП | Название | Значение |
|---|---|---|---|---|
| Тип записи | a | |||
| Библиографический уровень | a | |||
| 001 | Контрольный номер | 71adab6ecb5e4c0f8a3ba68c4cb54217 | ||
| 005 | Дата корректировки | 20181128100539.5 | ||
| 100 | a | Данные общей обработки | 20181128 ||| 0rusy0189 ca | |
| 101 | 0_ | a | Язык текста | rus |
| 102 | a | Страна публикации | RU | |
| 200 | 1_ | f | Первые сведения об ответственности | В.В. Ярков |
| a | Заглавие | Подведомственность дел административного судопроизводства (на примере КАС РФ) | ||
| b | Общее обозначение материала | Текст | ||
| 210 | 1_ | d | Дата издания | 2017 |
| 461 | _0 | 1 | 2000 | |
| a | Арбитражный и гражданский процесс | |||
| 463 | _0 | 1 | 2000 | |
| a | № 6 | |||
| v | С. 25-31 | |||
| 1 | 2101 | |||
| d | 2017 | |||
| 1 | 001391ee7eb6a7d4754b3fcd8f1803384e3 | |||
| 606 | a | Основная рубрика | Гражданское процессуальное право | |
| 610 | 0_ | a | Ключевые слова | АДМИНИСТРАТИВНОЕ СУДОПРОИЗВОДСТВО |
| a | Ключевые слова | АРБИТРАЖНЫЙ СУД | ||
| a | Ключевые слова | СУД ОБЩЕЙ ЮРИСДИКЦИИ | ||
| a | Ключевые слова | ПОДВЕДОМСТВЕННОСТЬ | ||
| a | Ключевые слова | КОЛЛИЗИИ | ||
| 700 | _1 | a | Фамилия | Ярков |
| b | Имя | В.В. | ||
| 801 | _0 | a | Страна | RU |
| b | Организация | РГУП | ||
| c | Дата составления | 20181128 | ||
| g | Правила каталогизации | PSBO | ||
| 801 | _1 | a | Страна | RU |
| b | Организация | РГУП | ||
| c | Дата составления | 20181128 | ||
| g | Правила каталогизации | PSBO | ||
| 901 | t | Тип документа | b | |
| w | Контрольный № источника | 391ee7eb6a7d4754b3fcd8f1803384e3 | ||
| 905 | a | Дата ввода | 20181128 |